| 000 | 01427cam a2200397 a 4500 | ||
|---|---|---|---|
| 999 |
_c527558 _d527558 |
||
| 001 | 16464842 | ||
| 003 | NUST | ||
| 005 | 20190730103504.0 | ||
| 008 | 100917s2011 maua 001 0 eng | ||
| 010 | _a 2010483792 | ||
| 020 | _a9780136022305 | ||
| 020 | _a0136022308 | ||
| 038 | _aSMME | ||
| 040 |
_aDLC _cDLC _dDLC |
||
| 050 | 0 | 0 |
_aTA405 _b.H47 2011 |
| 082 |
_a620.112 _bHIB |
||
| 100 | 1 |
_aHibbeler, R. C. _91019 |
|
| 245 | 1 | 0 |
_aMechanics of materials / _cR.C. Hibbeler. |
| 250 | _a9th ed. | ||
| 260 |
_aBoston : _bPrentice Hall, _cc2018. |
||
| 300 |
_axv, 862 p. : _bill. (chiefly col.) ; _c25 cm. |
||
| 500 | _aIncludes index. | ||
| 500 | _aTables and equations printed on endpapers. | ||
| 500 | _aIncludes access code usable only once to establish a subscription to the online version. | ||
| 650 | 0 |
_aMaterials. _91466 |
|
| 650 | 0 |
_aMechanics, Applied. _913090 |
|
| 650 | 0 |
_aStrength of materials. _9563 |
|
| 650 | 0 |
_aStructural analysis (Engineering) _9654 |
|
| 650 | 0 |
_aMaterials _vProblems, exercises, etc. _918869 |
|
| 650 | 0 |
_aMechanics, Applied _vProblems, exercises, etc. _918886 |
|
| 650 | 0 |
_aStrength of materials _vProblems, exercises, etc. _918870 |
|
| 650 | 0 |
_aStructural analysis (Engineering) _vProblems, exercises, etc. _918887 |
|
| 906 |
_a7 _bcbc _corigcop _d2 _encip _f20 _gy-gencatlg |
||
| 942 |
_2ddc _cBK |
||